[Event "CAN-ch Amateur U2100"]
[Site "Kitchener"]
[Date "2010.08.02"]
[Round "7"]
[White "Siddeley, Hugh"]
[Black "Becker, Paul"]
[Result "0-1"]
[WhiteElo "2051"]
[BlackElo "2035"]
[PlyCount "122"]
[EventDate "2010.07.30"]
[EventType "swiss"]
[EventRounds "7"]
[EventCountry "CAN"]
[SourceTitle "EXT 2022"]
[Source "ChessBase"]
[SourceDate "2021.10.06"]
[SourceVersion "1"]
[SourceVersionDate "2021.10.06"]
[SourceQuality "1"]

1. e4 c5 2. Nf3 Nc6 3. d4 cxd4 4. Nxd4 Nf6 5. Nc3 d6 6. Bg5 e6 7. Qd2 a6 8. 0-0-0 Bd7 9. Nb3 Qc7 10. f4 Be7 11. Bxf6 gxf6 12. f5 h5 13. Kb1 0-0-0 14. Bd3 Kb8 15. Rhf1 Rc8 16. Rf2 Ne5 17. h3 Qb6 18. Rdf1 a5 19. a4 Nc4 20. Qe2 Qb4 21. Bxc4 Rxc4 22. Qd3 Rhc8 23. fxe6 fxe6 24. Na2 Qxa4 25. g4 hxg4 26. hxg4 R4c7 27. Rh1 Bb5 28. Qe3 Bc4 29. Rh7 Qb5 30. Nc3 Qa6 31. Nd2 Bb5 32. Rh5 Be8 33. Rh7 a4 34. Na2 Qb5 35. c4 Qa5 36. Qa3 Qa7 37. Rg2 Qd4 38. Qc3 Qb6 39. Qa3 Qc6 40. Nc3 Qa6 41. Qb4 Bf8 42. Rh8 Bg7 43. Rg8 Bg6 44. Rxc8+ Rxc8 45. Qxa4 Qxa4 46. Nxa4 d5 47. Re2 Bh6 48. cxd5 exd5 49. Nb6 Re8 50. Ka2 Bxd2 51. Rxd2 Bxe4 52. Rd4 Kc7 53. Nc4 Rg8 54. Ne3 Kc6 55. Kb3 Kd6 56. Kc3 Ke5 57. Nf5 Bxf5 58. gxf5 Rg3+ 59. Rd3 Rxd3+ 60. Kxd3 Kxf5 61. Kd4 Ke6 0-1

[Event "Kitchener Winter op"]
[Site "Kitchener"]
[Date "2008.02.16"]
[Round "3"]
[White "Becker, Paul"]
[Black "McDonald, Justin"]
[Result "0-1"]
[WhiteElo "2083"]
[BlackElo "2007"]
[PlyCount "120"]
[EventDate "2008.02.15"]
[EventType "swiss"]
[EventRounds "5"]
[EventCountry "CAN"]
[SourceTitle "EXT 2011"]
[Source "ChessBase"]
[SourceDate "2010.11.26"]
[SourceVersion "1"]
[SourceVersionDate "2010.11.26"]
[SourceQuality "1"]

1. e4 e5 2. Nf3 Nc6 3. Bb5 a6 4. Ba4 Nf6 5. Qe2 b5 6. Bb3 Be7 7. c3 d6 8. 0-0 0-0 9. d4 Bg4 10. Rd1 Qc8 11. Bg5 Kh8 12. d5 Nh5 13. Be3 Na5 14. Bc2 Nc4 15. Bc1 Nf4 16. Bxf4 exf4 17. Bd3 Bxf3 18. gxf3 Ne5 19. Kg2 g5 20. h3 Rg8 21. Nd2 g4 22. hxg4 Rxg4+ 23. fxg4 f3+ 24. Qxf3 Nxf3 25. Kxf3 Qd7 26. Rh1 Rg8 27. Rag1 Bg5 28. e5 h6 29. Ne4 Qe7 30. Rh5 Qxe5 31. Nxg5 Qf6+ 32. Bf5 Rxg5 33. Rh2 Kg7 34. Rgh1 Rg6 35. Ke2 Qe5+ 36. Kd2 Rf6 37. Kc2 Qxd5 38. a3 a5 39. Re1 Qf3 40. Re3 Qf4 41. Rg2 d5 42. Bd3 c6 43. g5 hxg5 44. Reg3 Re6 45. Rxg5+ Kf8 46. R5g4 Qf6 47. f4 Re1 48. Kd2 Rh1 49. Kc2 Rh4 50. Rg8+ Ke7 51. Re2+ Kd7 52. f5 Qh6 53. Rge8 Rh1 54. R8e7+ Kd6 55. Kb3 Qc1 56. a4 Qd1+ 57. Bc2 bxa4+ 58. Kxa4 Qa1+ 59. Kb3 a4+ 60. Kb4 Qxb2+ 0-1

[Event "Guelph Winter Pro Am"]
[Site "Guelph"]
[Date "2008.02.02"]
[Round "4"]
[White "Becker, Paul"]
[Black "Evans, Bill"]
[Result "1-0"]
[WhiteElo "2088"]
[BlackElo "2077"]
[PlyCount "57"]
[EventDate "2008.02.02"]
[EventType "swiss"]
[EventRounds "5"]
[EventCountry "CAN"]
[SourceTitle "EXT 2011"]
[Source "ChessBase"]
[SourceDate "2010.11.26"]
[SourceVersion "1"]
[SourceVersionDate "2010.11.26"]
[SourceQuality "1"]

1. e4 d6 2. d4 Nf6 3. Nc3 g6 4. g3 Bg7 5. Bg2 0-0 6. Nge2 Nbd7 7. 0-0 e5 8. Re1 h6 9. h3 c6 10. Be3 Qe7 11. Qd2 Kh7 12. g4 Ng8 13. Ng3 Bf6 14. Nce2 Bg5 15. f4 exf4 16. Bxf4 Nb6 17. b3 Bd7 18. c4 Rad8 19. Rad1 Na8 20. Nc3 Nc7 21. d5 c5 22. Bxg5 hxg5 23. e5 Ne8 24. Nge4 dxe5 25. d6 Nxd6 26. Qxd6 Qe8 27. Nxg5+ Kh6 28. Rxe5 Bc6 29. Rxe8 1-0

[Event "Canadian op"]
[Site "Kitchener"]
[Date "2006.07.23"]
[Round "9"]
[White "Becker, Paul"]
[Black "Estrada Nieto, Julian"]
[Result "0-1"]
[WhiteElo "1976"]
[BlackElo "2380"]
[PlyCount "92"]
[EventDate "2006.07.15"]
[EventType "swiss"]
[EventRounds "9"]
[EventCountry "CAN"]
[SourceTitle "CBM 113 Extra"]
[Source "ChessBase"]
[SourceDate "2006.09.14"]
[SourceVersion "1"]
[SourceVersionDate "2006.09.14"]
[SourceQuality "1"]

1. e4 e5 2. Nf3 Nc6 3. Bb5 a6 4. Ba4 Nf6 5. Qe2 b5 6. Bb3 Be7 7. c3 d6 8. 0-0 0-0 9. d4 Bg4 10. Rd1 exd4 11. cxd4 d5 12. e5 Ne4 13. Nc3 Nxc3 14. bxc3 Qd7 15. h3 Bh5 16. g4 Bg6 17. Nh2 Na5 18. f4 Nxb3 19. axb3 Be4 20. Nf3 f5 21. exf6 gxf6 22. f5 Bd6 23. Bh6 Rfe8 24. Qf2 a5 25. Nd2 a4 26. Nxe4 Rxe4 27. b4 Rae8 28. Ra2 Qe7 29. Rf1 c6 30. Qf3 Re2 31. Rxe2 Qxe2 32. Qxe2 Rxe2 33. Rf2 Rxf2 34. Kxf2 Bf8 35. Bc1 h5 36. Kg3 Kh7 37. Kf3 Bh6 38. Bb2 hxg4+ 39. hxg4 Bg5 40. Ke2 Kh6 41. Kf3 Bd2 42. Ke2 Bf4 43. Kf3 Kg5 44. Ba3 Bd2 45. Kg3 Be1+ 46. Kf3 Bxc3 0-1